000 00514nam a2200193Ia 4500
005 20221115134756.0
008 131103s9999 xx 000 0 und d
040 _aLoreto College
041 _aEnglish
082 _a821.7
_bCOL-SYM
100 _aColeridge, Samuel Taylor
245 _aBiographia Literaria
_cSamuel Taylor Coleridge
260 _aLondon
_bJ.M.Dent
_c1930
300 _axv,146 p.
650 _aEnglish Poetry
651 _a1772 - 1834 - Coleridge,Samuel T.
850 _aLCLIB
942 _cBK
999 _c21375
_d71854